Statistics for NBA Top 10 Playoffs Turning Point All-Time

Click here to take the quiz!

General Stats

  • This quiz has been taken 126 times
  • The average score is 4 of 12

Answer Stats

PlayerQuick explanation% Correct
LeBron JamesNBA Finals 2016, Game 7, 89-89 between the Cavs and the Warriors since a few time. Two minutes 2 play, Irving missed a floater Iguodala got the rebound, in transition passed it to Curry, back to Iguodala for the layup but Lebron came for the chase down block to stay a 89-89. Later, Irving will make a 3PT and the Cavs will be champions
92%
Larry Bird NBA Cf Finals 1987, Game 5, Pistons lead by 1 with 5 seconds left, Isiah Thomas makes a breakdown in his field's sideline but makes an horrible pass and Bird steal the ball give it to Dennis Johnson who scores for Celtic's win, who will also win the serie
65%
Larry JohnsonNBA Cf Finals 1999, Game 3, 1-1 in the serie, 3 pts Indiana lead, 12 seconds to play. Johnson hits the 3 and the foul to make it a 1pt Knicks lead. Knicks will win the serie a lose advance to the finals
56%
Ray AllenNBA Finals 2013, Game 6, 3-2 for the Spurs in the serie. Spurs lead the game 95-92. With 12 sec. to play, LeBron missed the 3, but Bosh grabs the rebounds, pass it to Allen who get the 3 with 5.2 sec remaining. Miami will win the overtime and the Game 7 to have the back to back
40%
Reggie MillerNBA Cf Semifinals 1995, Game 1, 6 pts lead at the Garden for the Knicks 19 sec. remaining. Miller hits the 3, then get a steal and hit another 3. Starks missed 2 FT, Ewing with the rebound also missed it and Reggie end it with 2 FT. Pacers will win it after game 7
28%
Robert HorryNBA Cf Finals 2002, Game 4, 2-1 for the Kings, 2 pts lead for the kings.7 sec to play, Kobe drives but missed it, Shaq the rebound but also missed it, Divac throws it to Horry who its the 3 for the win at the buzzer
26%
Manu GinóbiliNBA Cf Semifinals 2006, Game 7, Spurs lead by 3pts, Dirk went to the dunk, Manu tries to block but missed it. 2 pts and one. Dirk makes the free throw, overtime and the Mavs win the serie
22%
Derek FisherNBA Cf semifinals 2004, Game 5, Spurs 2-2 Lakers, Spurs are lead by 1 hits a long 2 with 0.4 sec to play. But enough for Fisher to get the buzzer beater for the win. Lakers will win the Game 6 and the serie
19%
Kevin McHaleNBA Finals 1984, Game 4, 2-1 for the Lakers, McHale clotheslines Kurt Rambis and it's a turning point because after that the Lakers get angry and are not in the game and the serie
19%
Horace GrantNBA Finals 1993, Game 6, Bulls leads the serie 3-2. After John Paxson's 3PT for a Bulls' 1 pt lead, with 4 seconds remaining, Grant blocked Kevin Johnson's mid range from behind for the title
7%
Nick AndersonNBA Finals 1995, Game 1, Magic lead by 3, 10 seconds to go, 2 FT for Anderson missed, Magic rebound, and 2 new FT for Anderson and once against, he missed them. Kenny Smith with the 3P to equalize, Houston wins the overtime and wins the series 4-0
7%
Tayshaun PrinceNBA Cf Finals 2004, Game 2, Detroit 69, Indiana 67. 15 Seconds to play. Steal by Indiana, for Reggie alone who wants to safe if with an easy layup, but Prince came for the chase down block on the board. Pistons win the serie 4-2 and then became champions
4%

Score Distribution

Percentile by Number Answered

Percent of People with Each Score

Your Score History

You have not taken this quiz